000 00672cam a22002053a 4500
001 45673
003 PGUSA
005 20140828084046.0
008 140517s2014||||xxu|||||s|||||000 | eng d
040 _aPGUSA
_beng
042 _adc
100 1 _aCroissainte, Pichatty de
245 1 2 _aA brief Journal of what passed in the City of Marseilles, while it was afflicted with the Plague, in the Year 1720
_h[electronic resource] /
_cPichatty de Croissainte
260 _bProject Gutenberg,
_c2014
506 _aPublic domain in the USA.
516 _aElectronic text
830 0 _aProject Gutenberg
_v45673
856 4 0 _uhttp://www.gutenberg.org/ebooks/45673
942 _cEB
999 _c274923
_d274923